| 000 | 00695nam a2200205Ia 4500 | ||
|---|---|---|---|
| 003 | GCL | ||
| 008 | 140319s9999 xx 000 0 ara d | ||
| 040 |
_aGCL / _cGCL |
||
| 082 | 0 | 4 |
_a808.83 _b _bا و |
| 100 | 1 | _aاحمد عصام الدين | |
| 245 | 1 | 0 |
_aالوثنى : وقصص اخرى / _cاحمد عصام الدين |
| 260 |
_aالقاهرة : _bدار الكرنك للنشر والطبع والتوزيع ، _c1966 |
||
| 300 |
_a205 ص ؛ _c17 سم |
||
| 490 |
_aالمكتبة القصصية _v19 |
||
| 650 | 0 | 4 | _aالقصص القصيرة |
| 650 | 0 | 4 | _aالادب |
| 650 | 0 | 4 | _aالادب العالمى |
| 650 | 0 | 4 | _aالادب العالمى المترجم |
| 942 |
_2ddc _cBK |
||
| 999 |
_c40390 _d40390 |
||